Once Upon a Time in... - Statistics

General Stats
  • This quiz has been taken 18 times
  • The average score is 8 of 16
Answer Stats
Hint Director Answer % Correct
2019 Quentin Tarantino Once Upon a Time in Hollywood
100%
1968 Sergio Leone Once Upon a Time in the West
92%
1984 Sergio Leone Once Upon a Time in America
83%
1991 Tsui Hark Once Upon a Time in China
67%
1992 Tsui Hark Once Upon a Time in China II
58%
1992 Tsui Hark Once Upon a Time in China III
58%
2003 Robert Rodriguez Once Upon a Time in Mexico
58%
2011 Nuri Bilge Ceylan Once Upon a Time in Anatolia
50%
1993 Yuen Bun Once Upon a Time in China IV
50%
1994 Tsui Hark Once Upon a Time in China V
50%
2001 Ashutosh Gowariker Lagaan: Once Upon a Time in India
33%
1997 Sammo Hung Kam-Bo Once Upon a Time in China and America
33%
2010 Milan Luthria Once Upon a Time in Mumbaai
17%
2008 Breno Silveira Once Upon a Time in Rio
17%
2002 Shane Meadows Once Upon a Time in the Midlands
8%
2017 Mark Cullen, Rob Cullen Once Upon a Time in Venice
0%
No matching quizzes found
Score Distribution
Percent of People with Each Score
Percentile by Number Answered
Your Score History
You have not taken this quiz